| 000 | 00882nam a2200229 a 4500 | ||
|---|---|---|---|
| 001 | BRCA_2515 | ||
| 005 | 20190320203839.0 | ||
| 008 | 251108s1924----nyua---###---#000-0#eng-u | ||
| 050 | 4 |
_aNK4085 _b.R12 1924 |
|
| 100 | 1 |
_aRackham, Bernard _97228 |
|
| 245 | 1 | 0 |
_aEnglish Pottery _bits Development from Early Times to the end of the Eighteenth Century _cby Bernard Rackham and Herbert Read both of the Victoria and Albert Museum with an appendix on the Wrotham potters by J. W. L. Glaisher. |
| 260 |
_aNew York _bCharles Scribner´s Sons _c1924 |
||
| 300 |
_axxiv, 142 p. _bil. (algunas a color), 115 láminas _c28 cm. |
||
| 500 | _aA6 | ||
| 650 | 1 | 4 |
_aCerámica inglesa _97229 |
| 650 | 1 | 4 |
_aCerámica _xHistoria _91463 |
| 650 | 1 | 4 |
_aWrotham, Cerámica de _97230 |
| 700 | 1 |
_aRead, Herbert _ecoaut. _97231 |
|
| 700 | 1 |
_aGlaisher, J. W. L _ecoaut. _97232 |
|
| 902 | _aGFM | ||
| 942 |
_2lcc _cB |
||
| 999 |
_c2256 _d2256 |
||